Catalog

Record Details

Catalog Search



Available copies

  • 1 of 1 copy available at LARL/NWRL Consortium.

Current holds

0 current holds with 1 total copy.

Show Only Available Copies
Location Call Number / Copy Notes Barcode Shelving Location Status Due Date
Roseau Public Library MAX (Text) 35500003891528 Main Available -

Record details

  • ISBN: 0525949739
  • Physical Description: 356 p. ; 24 cm.
  • Publisher: New York, N.Y. : Dutton, c2006.
Subject: Sisters > Fiction.
Spouses > Fiction.
LDR 00727cam a2200229 a 4500
00172694
003LARL_NWRL_CONSORTIUM
00520060829010836.0
008060505s2006 nyu 000 1 eng
010 . ‡a2006015123
020 . ‡a0525949739
0243 . ‡a9780525949732
040 . ‡aDLC ‡cDLC ‡dBAKER ‡dOCO ‡dC#P
08200. ‡a823/.914 ‡222
1001 . ‡aMaxted, Anna. ‡0(LARL_NWRL_CONSORTIUM)135432
24512. ‡aA tale of two sisters / ‡cAnna Maxted.
260 . ‡aNew York, N.Y. : ‡bDutton, ‡cc2006.
300 . ‡a356 p. ; ‡c24 cm.
650 0. ‡aSisters ‡vFiction. ‡0(LARL_NWRL_CONSORTIUM)167281
650 0. ‡aSpouses ‡vFiction. ‡0(LARL_NWRL_CONSORTIUM)167342
901 . ‡a72694 ‡bISxN ‡c72694 ‡tbiblio

Additional Resources